000 01538cam a22004097a 4500
003 CHAP
005 20220817043937.0
008 040602s2004 mx r 00010 spa d
010 _a88393
011 _a89365
035 _a99916
040 _cCHAP
090 _aTesis
100 0 0 _aHernández Solares, Heriberto.
_954640
245 1 0 _aProducción y distribución de biomasa en plantas fructificantes de durazno (Prunus persica L. Batsch.) en un ambiente semicalido húmedo
_c/por Heriberto Hernández Solares
260 _aChapingo, Méx. :
_bEl autor,
_c2004.
300 _a60 h.
502 _aTesis (M.C. en Horticultura) -- UACH. Departamento de Fitotecnia
530 _aTambién disponible en línea
590 _aALEPH
_b10
_c20130110
_lUCH01
_h1458
590 _aBATCH-UPD
_b10
_c20130110
_lUCH01
_h0028
590 _aBATCH-UPD
_b10
_c20130110
_lUCH01
_h0642
590 _aBATCH-UPD
_b10
_c20130410
_lUCH01
_h0326
590 _aBATCH-UPD
_b10
_c20130914
_lUCH01
_h1224
590 _aBATCH-UPD
_b10
_c20140324
_lUCH01
_h1445
590 _aBATCH-UPD
_b10
_c20141002
_lUCH01
_h0822
590 _aCONVERSION
_b10
_c20130109
_lUCH01
_h1349
650 1 4 _aDurazno
_xCrecimiento.
_934586
650 1 4 _aDurazno
_xInjertos.
650 1 4 _aDurazno
_xVeracruz.
_934634
856 _3Finding aid
_uhttp://10.13.5.2/tesis/99916.pdf
_zTeclea aqui
901 _aBK
905 _aMayto Villalobos S.
942 _cFOLL
949 _aTesis
_bBC
_cTES
_d33724000926432
_eTS2
_fc.2
_h41428
_i99916
_sb
949 _aTesis
_bBC
_cTES
_d99916123
_eTS1
_h41427
_i99916
_sb
999 _c88393
_d88393